Name That 'Boyband'! - Statistics

General Stats
  • This quiz has been taken 434 times
  • The average score is 6 of 18
Answer Stats
Hint Answer % Correct
Harry, Liam, Louis, Niall, Zayn One Direction
95%
Paul, Ringo, John, George The Beatles
75%
AJ, Howie, Nick, Kevin, Brian Backstreet Boys
72%
Kian, Mark, Shane, Nicky, Brian Westlife
52%
Max, Siva, Nathan, Jay, Tom The Wanted
43%
Antony, Duncan, Lee, Simon Blue
42%
Tom, Danny, Dougie, Harry McFly
40%
Aston, Marvin, JB, Oritse JLS
39%
Kurt, Krist, Dave Nirvana
39%
Charlie, Matt, James Busted
37%
Brad, James, Tristan, Connor The Vamps
23%
Brian, David, Al, Mike, Bruce The Beach Boys
13%
Danny, Mark, Glen The Script
10%
Chad, Ryan, Mike, Daniel Nickelback
9%
Alex, Jamie, Nick, Matt Arctic Monkeys
5%
Dan, Ben, Wayne, Daniel Imagine Dragons
5%
Ryan, Zach, Drew, Eddie, Brent OneRepublic
5%
Dan, Kyle, Will, Chris Bastille
3%
No matching quizzes found
Score Distribution
Percent of People with Each Score
Percentile by Number Answered
Your Score History
You have not taken this quiz